000
00271nam a2200097Ia 4500
008
230915s9999 xx 000 0 und d
050
_a
HF5691.H86 2009
100
_a
S.A HUMMELBRUNNER
245
0
_a
CONTEMPORARY BUSINESS MATHEMATICS WITH CANADIAN APPLICATIONS
942
_c
BK
999
_c
84086
_d
84086